| 000 | 01870nam a22002657a 4500 | ||
|---|---|---|---|
| 001 | 79315 | ||
| 003 | BD-RjUL | ||
| 005 | 20220410104844.0 | ||
| 008 | 220203s2013bg |||a|||| m||| 00| 0 ben d | ||
| 035 | _a(BD-RjUL) 79315 | ||
| 040 |
_aBD-RjUL _bben / eng _cBD-RjUL _dBD-RjUL |
||
| 041 | _aben | ||
| 082 |
_a709.55492 _bSHP 2013 _223 |
||
| 100 |
_aসরকার, শুুভশ্রী _91104 |
||
| 245 | 1 | 0 |
_aপ্রাচ্য চিএরীতির স্বরুপ বিশ্লেষণ : _bপ্রক্ষিত বাংলাদেশ / _cশুভশ্রী সরকার : _6গবেষণা তত্ত্বাবধায়ক ;টি. এম. এম. নুরুল মোদ্দাসের চৌধুরী, গবেষণা সহ- তত্ত্বাবধায়ক ;এ. এইচ. এম.তাহমিদুর রহমান |
| 260 |
_aরাজশাহী : _bচারুকলা বিভাগ, রাজশাহী বিশ্ববিদ্যালয়, _c২০১৩ |
||
| 300 |
_avi, ৪১২ পাতা : _bচিএ ; _c৩০ সেমি. |
||
| 502 | _aথিসিস (পিএইচ. ড়ি.) -- চারুকলা বিভাগ, রাজশাহী বিশ্ববিদ্যালয়, ২০১৩ | ||
| 504 | _aগ্রন্থপঞ্জি : পাতা [৪০৪] - ৪১২২ | ||
| 650 |
_aপ্রাচ্য শিল্প _zবাংলাদেশ _91105 |
||
| 650 |
_aOriental arts _zBangladesh _91106 |
||
| 700 |
_aচৌধুরী, টি. এম. এম. নুরুল মোদ্দাসের, গবেষণা তত্ত্বাবধায়ক _91107 |
||
| 700 |
_aরহমান, এ. এইচ. এম.তাহমিদুর, গবেষণা সহ- তত্ত্বাবধায়ক _91108 |
||
| 942 |
_2ddc _cTHE |
||
| 999 |
_c79315 _d79315 |
||